Culture Générale - Série 2637 - Statistiques

Statistiques générales
  • Ce quiz a été pris 122 fois
  • Le résultat moyen est 3 sur 10
Statistiques - réponses
Question Réponse % Correct
Groupe de grunge américain, originaire d'Aberdeen, dans l'État de Washington, formé en 1987 par le chanteur-guitariste Kurt Cobain et le bassiste Krist Novoselic Nirvana
78%
De quel pays Accra est-elle la capitale ? Ghana
60%
Comment se nomme l'Avare de Molière ? Harpagon
50%
Dans quel pays d'Asie se trouve la ville côtière de Kampot ? Cambodge
48%
Quel mot est employé deux fois dans la formule enfantine " ___,___ rage !"pour narguer quelqu'un ? bisque
27%
Quelle actrice, alors âgée de 12 ans, incarne Dorothy Gale dans le film "Le magicien d'Oz", réalisé par Victor Fleming en 1939 ? prénom et nom Judy Garland
14%
Quelle rivière, longue de 97,5 km se jette dans la Loire à Nantes ? Erdre
13%
Entre le 26 mai et le 4 juin 1940, l'évacuation des soldats anglais, français et belges, des plages et du port de Dunkerque, avait pour code : " Opération .... Dynamo
7%
Tragédie de Corneille appelée aussi "La Clémence d'Auguste" . Cinna
3%
Quelle chanteuse québecoise était Marie-Jeanne dans la comédie musicale Starmania en 1995, de Luc Plamondon ? prénom et nom Isabelle Boulay
2%
Aucun quiz correspondant
Distribution des résultats
% des personnes avec chaque résultat
Percentile par nombre de réponses
Votre historique - résultats
Vous n’avez pas pris ce quiz